| 000 -LEADER |
| fixed length control field |
00644cam a2200205 a 4500 |
| 020 ## - INTERNATIONAL STANDARD BOOK NUMBER |
| ISBN |
9789995052249 |
| 040 ## - CATALOGING SOURCE |
| Transcribing agency |
DLC |
| 082 ## - DEWEY DECIMAL CLASSIFICATION NUMBER |
| Classification number |
935 CDR 2008 A104 Co. |
| 100 1# - MAIN ENTRY--AUTHOR NAME |
| Personal name |
Horng, Vuthy. |
| 245 10 - TITLE STATEMENT |
| Title |
Accountability and planning in decentralised Cambodia / |
| 260 ## - PUBLICATION, DISTRIBUTION, ETC. (IMPRINT) |
| Place of publication |
Phnom Penh : |
| Name of publisher |
CDRI, |
| Year of publication |
2008. |
| 300 ## - PHYSICAL DESCRIPTION |
| Number of Pages |
133 p. : |
| Other physical details |
ill. ; |
| Dimensions |
30 cm. |
| 490 0# - SERIES STATEMENT |
| Series statement |
Working paper series ; |
| 500 ## - GENERAL NOTE |
| General note |
"July 2008." |
| 650 #0 - SUBJECT ADDED ENTRY--TOPICAL TERM |
| Topical Term |
Government accountability |
| 650 #0 - SUBJECT ADDED ENTRY--TOPICAL TERM |
| Topical Term |
Decentralization in government |
| 700 1# - ADDED ENTRY--PERSONAL NAME |
| Personal name |
David, Craig, |
| 710 2# - ADDED ENTRY--CORPORATE NAME |
| Corporate name or jurisdiction name as entry element |
Vidyāsthān Paṇṭuḥ Paṇṭāl niṅ Srāvjrāv ṭoempī Qabhivaḍḍhn ̊Kambujā. |
| 942 ## - ADDED ENTRY ELEMENTS (KOHA) |
| Koha item type |
សៀវភៅភាសាអង់គ្លេស |
| 952 ## - LOCATION AND ITEM INFORMATION (KOHA) |
| Withdrawn status [LOCAL, KOHA] |
0 |